000 00370nab a22001097u 4500
008 130520b1981 xxu||||| |||| 00| 0 fre d
041 _afre
100 1 _aParvey, Constance
_956727
245 0 0 _aPériple d'un rêve . Le mouvement oecuménique et les femmes
_cConstance Parvey
773 0 _tLumière et Vie
_gV.30, nº151,1981,págs. 19-29
_x0024-7359
_wRev261
942 _cAR
999 _c318260
_d318260